[Event "Detroit (MOR/1a/32)"]
[Site "?"]
[Date "1992.??.??"]
[Round "?"]
[White "Smalec, John"]
[Black "Rodriguez, Juan"]
[Result "1-0"]
[WhiteElo "1790"]
[BlackElo "1605"]
[PlyCount "122"]
[EventDate "1992.??.??"]

1. e4 e6 2. d4 d5 3. Nc3 Bb4 4. Nge2 c5 5. a3 Ba5 6. dxc5 Nf6 7. b4 Bc7 8. g3
O-O 9. Bg2 Be5 10. f4 Bxc3+ 11. Nxc3 Nc6 12. Bb2 b6 13. O-O bxc5 14. bxc5 Qa5
15. exd5 Qxc5+ 16. Kh1 exd5 17. Nxd5 Ng4 18. Qe2 Rb8 19. c4 Bd7 20. Rac1 Rfe8
21. Qd2 Bf5 22. h3 Ne3 23. Nxe3 Qxe3 24. Qxe3 Rxe3 25. Rf2 Be4 26. Bxe4 Rxe4
27. Kg2 Rbe8 28. Rcc2 Na5 29. c5 Nc4 30. Bc1 Rc8 31. Kf3 f5 32. Rfe2 Rxc5 33.
Rxe4 fxe4+ 34. Kxe4 Nd6+ 35. Kd3 Rxc2 36. Kxc2 Kf7 37. Kd3 Nf5 38. g4 Nd6 39.
Kd4 g6 40. Kd5 Ke7 41. Bb2 Nb7 42. Bd4 Nd6 43. Bxa7 Nb5 44. Bc5+ Kd7 45. Bb4
Nc7+ 46. Ke5 Ne6 47. Bc3 Ke7 48. Bb4+ Kf7 49. Bc3 Nc5 50. Bb4 Nd3+ 51. Ke4 Nb2
52. h4 Ke6 53. f5+ gxf5+ 54. gxf5+ Kf7 55. h5 Nc4 56. a4 Nb6 57. a5 Nc8 58. Bc5
Kf6 59. a6 Kg5 60. a7 Nxa7 61. Bxa7 Kxh5 1-0

[Event "Detroit (MOR/3/64)"]
[Site "?"]
[Date "1992.??.??"]
[Round "?"]
[White "Smalec, John"]
[Black "Lewis, C."]
[Result "1-0"]
[WhiteElo "1790"]
[BlackElo "1610"]
[PlyCount "93"]
[EventDate "1992.??.??"]

{3/(64)} 1. e4 e6 2. d4 d5 3. Nc3 Bb4 4. e5 c5 5. a3 cxd4 6. axb4 dxc3 7. bxc3
Nc6 8. Nf3 Qc7 9. Bb5 Nge7 10. O-O Ng6 11. Re1 O-O 12. Qe2 Nce7 13. Bd2 a6 14.
h4 Bd7 15. Bd3 Nf5 16. h5 Ngh4 17. Ng5 Bb5 18. Bxb5 axb5 19. g3 h6 20. Nh3 Qc4
21. Rxa8 Rxa8 22. gxh4 Nxh4 23. Nf4 Qxe2 24. Rxe2 Ra1+ 25. Kh2 Nf3+ 26. Kg3
Nxd2 27. Rxd2 b6 28. Kg2 Kf8 29. Ne2 Ra6 30. Rd3 Ra2 31. Nd4 Ke7 32. Rf3 Ra1
33. Nxb5 Re1 34. Nd4 Re4 35. Kg3 f6 36. Nc6+ Kf7 37. Nd8+ Ke7 38. exf6+ gxf6
39. Nc6+ Kf7 40. Nd4 f5 41. Nb5 Kf6 42. Rf4 Re1 43. Nd4 Kg5 44. Nf3+ Kxh5 45.
Nxe1 Kg6 46. Nf3 h5 47. Kh4 1-0

[Event "Detroit (MOR/7/59)"]
[Site "?"]
[Date "1992.??.??"]
[Round "?"]
[White "Smalec, John"]
[Black "Grzegorczyk, Ron"]
[Result "0-1"]
[WhiteElo "1790"]
[BlackElo "1630"]
[PlyCount "68"]
[EventDate "1992.??.??"]

{7/(59)} 1. e4 c5 2. Nc3 Nc6 3. g3 Nf6 4. d3 e5 5. Bg2 d6 6. h3 Be7 7. Be3 a6
8. Qd2 Qc7 9. Nge2 b5 10. O-O Bb7 11. f4 Nd4 12. Nd1 O-O 13. c3 Nxe2+ 14. Qxe2
d5 15. fxe5 Qxe5 16. Bf4 Qe6 17. e5 Nd7 18. c4 Rab8 19. cxb5 axb5 20. Nc3 b4
21. Nd1 f6 22. Re1 fxe5 23. Bxe5 Nxe5 24. Qxe5 Qxe5 25. Rxe5 Rbe8 26. Bxd5+
Bxd5 27. Rxd5 Bf6 28. Nf2 Bd4 29. Rf1 Re2 30. Rxd4 cxd4 31. Ne4 Rxf1+ 32. Kxf1
Rxb2 33. Nd6 Rxa2 34. Nb5 b3 0-1

[Event "Flint (Class A/5)"]
[Site "?"]
[Date "1992.??.??"]
[Round "?"]
[White "Smalec, John"]
[Black "Gipson, John"]
[Result "1/2-1/2"]
[WhiteElo "1815"]
[BlackElo "1960"]
[PlyCount "103"]
[EventDate "1992.??.??"]

1. e4 e6 2. d4 d5 3. Nc3 Nf6 4. Bg5 Be7 5. h4 Nxe4 6. Nxe4 dxe4 7. Bxe7 Kxe7 8.
Nh3 Nc6 9. c3 e5 10. d5 Bxh3 11. Rxh3 Nb8 12. Qb3 Qd6 13. O-O-O Nd7 14. Re3
Rhb8 15. Be2 a5 16. Bb5 Nc5 17. Qc2 a4 18. Qe2 Kf8 19. Qg4 Ra5 20. Be2 b5 21.
Rg3 Qh6+ 22. Kb1 Qg6 23. Qxg6 hxg6 24. d6 cxd6 25. Rxd6 b4 26. c4 a3 27. b3 Ke7
28. Rd5 Nxb3 29. Rxa5 Nxa5 30. Rg4 Rd8 31. Rxe4 Kf6 32. Kc2 Nc6 33. Bg4 Nd4+
34. Kb1 Nf5 35. g3 Rd2 36. Re2 Rd1+ 37. Kc2 Ra1 38. Kd3 Nd4 39. Rd2 Ke7 40. f4
Nc6 41. Bf3 Nd4 42. Bd1 f6 43. Ke4 Ke6 44. fxe5 fxe5 45. Bg4+ Kd6 46. Bd1 Rc1
47. g4 Rb1 48. Kd3 Rb2 49. Ke3 Kc5 50. Kd3 Rb1 51. Ke4 Rb2 52. Kd3 1/2-1/2

[Event "Jackson (Prison m)"]
[Site "?"]
[Date "1992.??.??"]
[Round "?"]
[White "Smalec, John"]
[Black "C, Mike"]
[Result "1-0"]
[WhiteElo "1735"]
[BlackElo "1605"]
[PlyCount "58"]
[EventDate "1992.??.??"]

1. e4 e6 2. Bc4 d5 3. Bd3 dxe4 4. Bxe4 Nf6 5. Bf3 Bc5 6. Ne2 e5 7. Ng3 Nc6 8.
c3 O-O 9. O-O Re8 10. Re1 Qd3 11. Be2 Qg6 12. d3 b6 13. Bf3 Bb7 14. b4 Bd6 15.
b5 Na5 16. Bxb7 Nxb7 17. Qf3 Nc5 18. Ne4 Nfxe4 19. dxe4 Rad8 20. a4 Ne6 21. Be3
Nf4 22. Bxf4 exf4 23. Nd2 Be5 24. Nc4 Bf6 25. e5 Bg5 26. Re4 Rd5 27. Rxf4 Rd3
28. Qe4 Rxc3 29. Rg4 Qxe4 1-0

[Event "Lansing (Apr)"]
[Site "?"]
[Date "1992.??.??"]
[Round "?"]
[White "Smalec, John"]
[Black "Anderson, Gale"]
[Result "1-0"]
[WhiteElo "1850"]
[BlackElo "1770"]
[PlyCount "66"]
[EventDate "1992.??.??"]

1. e4 c5 2. Nf3 Nc6 3. Bb5 Qb6 4. Bxc6 Qxc6 5. Nc3 d6 6. d4 Bg4 7. dxc5 Qxc5 8.
Be3 Qc8 9. h3 Bd7 10. Ng5 h6 11. Nf3 g6 12. Bxa7 e5 13. Be3 Nf6 14. Nd2 Be7 15.
Qf3 Be6 16. O-O g5 17. Rfc1 g4 18. hxg4 Nxg4 19. Nf1 h5 20. Ng3 h4 21. Nf5 Nxe3
22. fxe3 Bf8 23. Nd5 Ra6 24. Nf6+ Kd8 25. Qf1 Rxa2 26. Rxa2 Bxa2 27. Qb5 Bc4
28. Qe8+ Kc7 29. Qa4 b5 30. Qa5+ Kb7 31. Ra1 Qb8 32. Qa6+ Kc7 33. Nd5+ Bxd5 1-0

[Event "Flint (MEX/1)"]
[Site "?"]
[Date "1992.??.??"]
[Round "?"]
[White "Sloan, Thomas"]
[Black "Noren, Kevin"]
[Result "1/2-1/2"]
[WhiteElo "2125"]
[BlackElo "2320"]
[PlyCount "58"]
[EventDate "1992.??.??"]

1. f4 c5 2. Nf3 Nc6 3. g3 g6 4. Bg2 Bg7 5. O-O d5 6. d3 e6 7. Qe1 Nge7 8. c3
O-O 9. e4 b6 10. Rf2 Ba6 11. Rd2 Qc7 12. Na3 Rad8 13. e5 b5 14. Nc2 b4 15. Qf2
Qa5 16. cxb4 Nxb4 17. Nxb4 Qxb4 18. a3 Qa5 19. Rc2 Bxd3 20. Rxc5 Qb6 21. Be3
Nf5 22. b4 Be4 23. Nd4 Nxd4 24. Bxd4 Bxg2 25. Kxg2 Qb7 26. Rac1 Rd7 27. Qc2 f6
28. Rc7 Rxc7 29. Qxc7 Qa6 1/2-1/2

[Event "Flint (MEX/4)"]
[Site "?"]
[Date "1992.??.??"]
[Round "?"]
[White "Sloan, Thomas"]
[Black "Murray, David"]
[Result "1-0"]
[WhiteElo "2125"]
[BlackElo "2015"]
[PlyCount "43"]
[EventDate "1992.??.??"]

1. f4 c5 2. Nf3 d6 3. b3 Nf6 4. Bb2 Nc6 5. e3 a6 6. Be2 d5 7. O-O g6 8. Ne5 d4
9. Bc4 Nxe5 10. fxe5 b5 11. Qf3 Ra7 12. Bd3 Bb7 13. Qf2 c4 14. exf6 cxd3 15.
fxe7 Qxe7 16. Bxd4 dxc2 17. Nc3 b4 18. Na4 Be4 19. Bxh8 Rc7 20. Bf6 Qd7 21. Qf4
Bb7 22. Qe5+ 1-0

[Event "Flint (Class B/5)"]
[Site "?"]
[Date "1992.??.??"]
[Round "?"]
[White "Sledge, Ernest"]
[Black "Koger, Melvin"]
[Result "1/2-1/2"]
[WhiteElo "1690"]
[BlackElo "1760"]
[PlyCount "87"]
[EventDate "1992.??.??"]

1. e4 e6 2. d4 d5 3. exd5 exd5 4. Be2 Bd6 5. Nf3 Ne7 6. h3 Nbc6 7. Bd2 Bf5 8.
a3 Be4 9. c3 Qd7 10. b4 a6 11. O-O Ng6 12. c4 O-O 13. cxd5 Bxd5 14. Nc3 Bxf3
15. Bxf3 Nf4 16. Bg4 f5 17. Bf3 Rae8 18. Be3 Kh8 19. Rc1 Rf6 20. d5 Ne7 21. Ne2
Nfxd5 22. Bd4 Rh6 23. Qd2 Qe6 24. Qb2 Qg6 25. Ng3 Bxg3 26. fxg3 Qxg3 27. Be5
Qg6 28. Qd4 c6 29. Rfe1 Rxh3 30. Bxg7+ Kg8 31. Bxd5+ cxd5 32. Rxe7 Rxe7 33.
Rc8+ Re8 34. Rxe8+ Qxe8 35. gxh3 Qg6+ 36. Kh1 Qxg7 37. Qxd5+ Qf7 38. Qd8+ Kg7
39. Qg5+ Qg6 40. Qe7+ Qf7 41. Qg5+ Kf8 42. Qd8+ Qe8 43. Qf6+ Kg8 44. Qg5+
1/2-1/2

[Event "Flint (Class B/1)"]
[Site "?"]
[Date "1992.??.??"]
[Round "?"]
[White "Sledge, Ernest"]
[Black "Gregory, Kevin"]
[Result "1-0"]
[WhiteElo "1690"]
[BlackElo "1785"]
[PlyCount "55"]
[EventDate "1992.??.??"]

1. e4 c6 2. d4 d5 3. e5 Bf5 4. Be2 e6 5. Nf3 Ne7 6. O-O Qb6 7. c3 Nd7 8. Nbd2
Ng6 9. Kh1 Be7 10. Re1 c5 11. Nf1 Bg4 12. a3 cxd4 13. cxd4 Bxf3 14. Bxf3 O-O
15. b4 Rfc8 16. Ne3 Rc6 17. Bg4 Rac8 18. Nxd5 Qd8 19. Nf4 Nxf4 20. Bxf4 Bg5 21.
d5 R6c7 22. dxe6 fxe6 23. Bxe6+ Kh8 24. Bxg5 Qxg5 25. Bxd7 Rf8 26. Qd6 Rxf2 27.
Rg1 Rcc2 28. Qb8+ 1-0

[Event "Flint (Class B/2)"]
[Site "?"]
[Date "1992.??.??"]
[Round "?"]
[White "Sledge, Ernest"]
[Black "Brooks, Brion"]
[Result "0-1"]
[WhiteElo "1690"]
[BlackElo "1725"]
[PlyCount "96"]
[EventDate "1992.??.??"]

1. e4 e6 2. Nf3 d5 3. exd5 exd5 4. Be2 Nf6 5. h3 Bd6 6. O-O Bd7 7. d4 Nc6 8. c3
Qc8 9. Bd3 Bxh3 10. gxh3 Qxh3 11. Re1+ Kf8 12. Bf1 Qg4+ 13. Bg2 Ne4 14. Be3 h5
15. Nbd2 h4 16. Kf1 h3 17. Bh1 h2 18. Ke2 Re8 19. Nxe4 dxe4 20. Kd2 Bf4 21. Kc2
exf3 22. Bxf3 Qf5+ 23. Qd3 Qxd3+ 24. Kxd3 Bxe3 25. Rxe3 Rxe3+ 26. fxe3 Rh3 27.
Be4 g5 28. Rh1 Ne7 29. Bxb7 c6 30. Ke2 g4 31. b4 g3 32. Kf3 Nf5 33. Bxc6 Nxe3
34. Ke2 g2 35. Bxg2 Nxg2 36. c4 Nf4+ 37. Kd2 Nd3 38. Rxh2 Rxh2+ 39. Kxd3 Rxa2
40. d5 Ke7 41. c5 f5 42. b5 Kd7 43. Kd4 Rb2 44. Ke5 Rxb5 45. c6+ Kc7 46. Ke6
Rxd5 47. Kxd5 a5 48. Ke5 a4 0-1

[Event "Detroit (MI Op/2/38)"]
[Site "?"]
[Date "1992.??.??"]
[Round "?"]
[White "Skidmore, Mike"]
[Black "Thurman, John"]
[Result "1-0"]
[WhiteElo "1990"]
[BlackElo "1755"]
[PlyCount "51"]
[EventDate "1992.??.??"]

{2/(38)} 1. e4 e5 2. Nf3 Nc6 3. Bb5 Nf6 4. d3 d6 5. O-O Bg4 6. c3 a6 7. Ba4 b5
8. Bb3 Na5 9. Bc2 c5 10. Nbd2 Be7 11. Re1 O-O 12. Nf1 Nc6 13. h3 Bxf3 14. Qxf3
b4 15. Bg5 Qa5 16. Bd2 Qb6 17. Ne3 Rfb8 18. Bb3 Qd8 19. Nf5 Bf8 20. Bg5 Ra7 21.
Qg3 g6 22. Qh4 Bg7 23. Ne3 h6 24. Bxh6 Bxh6 25. Qxh6 Re7 26. Nf5 1-0

[Event "Flint (Class A/2)"]
[Site "?"]
[Date "1992.??.??"]
[Round "?"]
[White "Skidmore, Mike"]
[Black "Rutkofske, Lonnie"]
[Result "0-1"]
[WhiteElo "1900"]
[BlackElo "1995"]
[PlyCount "60"]
[EventDate "1992.??.??"]

1. e4 e6 2. Nf3 d5 3. exd5 exd5 4. d4 Nf6 5. Be3 Bd6 6. h3 Bf5 7. Bd3 Bxd3 8.
Qxd3 Nc6 9. c3 O-O 10. O-O Ne4 11. Nfd2 f5 12. Nxe4 fxe4 13. Qe2 Ne7 14. Bg5
Qd7 15. Bxe7 Qxe7 16. Nd2 Rf6 17. Rae1 Qf7 18. c4 c6 19. c5 Bc7 20. b4 Rf8 21.
a4 Rg6 22. b5 Qd7 23. Kh1 Rh6 24. f3 Bg3 25. Rd1 e3 26. Qxe3 Rxh3+ 27. Kg1 Rh6
28. bxc6 bxc6 29. Qg5 Bf4 30. Qg4 Be3+ 0-1

[Event "Detroit (MI Action/2)"]
[Site "?"]
[Date "1992.??.??"]
[Round "?"]
[White "Skidmore, Mike"]
[Black "Reeves, Andre"]
[Result "0-1"]
[WhiteElo "1905"]
[BlackElo "1605"]
[PlyCount "55"]
[EventDate "1992.??.??"]

1. e4 e6 2. d4 d5 3. exd5 exd5 4. Bd3 Bd6 5. Nf3 Ne7 6. O-O O-O 7. Be3 Nf5 8.
c3 Nxe3 9. fxe3 Re8 10. Qc2 h6 11. e4 dxe4 12. Bxe4 Bf4 13. Nbd2 c6 14. Rae1
Be6 15. Bh7+ Kh8 16. Ne5 Bxe5 17. Rxe5 Nd7 18. Re3 Nf6 19. Bd3 Bd5 20. Rfe1
Rxe3 21. Rxe3 Ng4 22. Rg3 Qg5 23. c4 Qh4 24. Nf3 Bxf3 25. gxf3 Nxh2 26. Be4
Qxg3+ 27. Qg2 Qxg2+ 28. Kxg2 0-1

[Event "Flint (Class A/4)"]
[Site "?"]
[Date "1992.??.??"]
[Round "?"]
[White "Skidmore, Mike"]
[Black "June, Brian"]
[Result "1-0"]
[WhiteElo "1900"]
[BlackElo "1820"]
[PlyCount "135"]
[EventDate "1992.??.??"]

1. e4 g6 2. Nf3 Bg7 3. d4 d6 4. c3 Nd7 5. Bb5 c6 6. Ba4 Ngf6 7. Nbd2 O-O 8. O-O
b5 9. Bc2 a5 10. Re1 Qb6 11. Nf1 Rd8 12. h3 Ba6 13. Be3 Qc7 14. Qc1 e5 15. Bh6
Nf8 16. Bxg7 Kxg7 17. Ng3 Ne6 18. Ng5 Nf4 19. Ne2 Nxe2+ 20. Rxe2 Nh5 21. g3 h6
22. Nf3 Bc8 23. h4 Bg4 24. Re3 Qe7 25. Nh2 Bh3 26. Bd1 Kh8 27. Bxh5 gxh5 28.
Qd1 Qe6 29. Qxh5 Rg8 30. Rf3 Rg6 31. Rd1 exd4 32. Rxd4 c5 33. Qd5 Re8 34. Qxe6
Rgxe6 35. Rdd3 Rxe4 36. Rde3 Rxe3 37. Rxe3 Rxe3 38. fxe3 b4 39. Kf2 Be6 40.
cxb4 axb4 41. a3 Bb3 42. axb4 cxb4 43. Nf3 Kg7 44. Nd4 Be6 45. Nxe6+ fxe6 46.
Ke2 Kf6 47. Kd3 Ke5 48. g4 Kf6 49. Kd4 d5 50. e4 dxe4 51. Kxe4 b3 52. Kd4 e5+
53. Kd5 e4 54. Kxe4 Kg6 55. Ke5 Kg7 56. Kf5 Kf7 57. h5 Kg7 58. Ke6 Kg8 59. Kf6
Kh7 60. Kf7 Kh8 61. Kg6 Kg8 62. Kxh6 Kh8 63. Kg6 Kg8 64. Kf6 Kh7 65. g5 Kh8 66.
Kf7 Kh7 67. g6+ Kh8 68. g7+ 1-0

[Event "East Lansing (MI Am/2)"]
[Site "?"]
[Date "1992.??.??"]
[Round "?"]
[White "Skidmore, Mike"]
[Black "Horton, Deon"]
[Result "1-0"]
[WhiteElo "1925"]
[BlackElo "1610"]
[PlyCount "73"]
[EventDate "1992.??.??"]

1. e4 c5 2. Nf3 d6 3. Bb5+ Bd7 4. Bxd7+ Nxd7 5. O-O Ngf6 6. Re1 e6 7. Nc3 Be7
8. d3 O-O 9. Qe2 a6 10. b3 b5 11. Bb2 Nb6 12. e5 Nfd5 13. exd6 Bf6 14. Ne5 Nxc3
15. Bxc3 Qxd6 16. Nc4 bxc4 17. Bxf6 gxf6 18. dxc4 Qf4 19. Qh5 Qg5 20. Qh3 Rad8
21. Re3 Kh8 22. Rg3 Qd2 23. Rf1 Qxc2 24. Qh6 Qg6 25. Rxg6 fxg6 26. Qe3 e5 27.
Qxc5 Nc8 28. Qa3 e4 29. g3 Nd6 30. Rd1 Nxc4 31. Rxd8 Rxd8 32. bxc4 Rd1+ 33. Kg2
Kg7 34. Qe7+ Kh6 35. Qxf6 a5 36. Qf4+ Kg7 37. Qxe4 1-0

[Event "Detroit (MI Action/5)"]
[Site "?"]
[Date "1992.??.??"]
[Round "?"]
[White "Skidmore, Mike"]
[Black "Gabbara, Faris"]
[Result "0-1"]
[WhiteElo "1905"]
[BlackElo "2205"]
[PlyCount "68"]
[EventDate "1992.??.??"]

1. e4 e5 2. Nf3 Nf6 3. Nc3 Bb4 4. d3 Nc6 5. Be2 O-O 6. O-O Bxc3 7. bxc3 d5 8.
exd5 Nxd5 9. Bb2 Nf4 10. Qd2 Nxe2+ 11. Qxe2 Bg4 12. h3 Bh5 13. g4 Bg6 14. Nd2
Qh4 15. Kh2 f5 16. Nf3 Qf6 17. g5 Qd6 18. Kg1 Bh5 19. Qe3 f4 20. Qe4 Bg6 21.
Qc4+ Bf7 22. Qa4 Bd5 23. Ba3 Qg6 24. Bxf8 Bxf3 25. Kh2 Rxf8 26. Qb3+ Kh8 27.
Rg1 e4 28. d4 e3 29. fxe3 fxe3 30. Raf1 e2 31. Re1 Qd6+ 32. Rg3 Bd5 33. Qxd5
Qxd5 34. Rxe2 g6 0-1

[Event "Detroit (MI Action/4)"]
[Site "?"]
[Date "1992.??.??"]
[Round "?"]
[White "Skidmore, Mike"]
[Black "Dane, C."]
[Result "1-0"]
[WhiteElo "1905"]
[BlackElo "1605"]
[PlyCount "53"]
[EventDate "1992.??.??"]

1. e4 e5 2. Nf3 Nc6 3. Bb5 a6 4. Ba4 b5 5. Bb3 d6 6. d3 Nf6 7. c3 Na5 8. Bc2
Be7 9. O-O Be6 10. Ng5 Bd7 11. f4 Bg4 12. Qe1 exf4 13. Bxf4 O-O 14. Nd2 Nh5 15.
Qh4 Be2 16. Rf2 h6 17. Rxe2 Nxf4 18. Qxf4 Bxg5 19. Qf3 Bf6 20. d4 Re8 21. Rf1
Nc6 22. e5 Nxd4 23. cxd4 dxe5 24. dxe5 Qd4+ 25. Kh1 Bxe5 26. Nb3 Qxb2 27. Bh7+
1-0

[Event "Ann Arbor (HVA/4/1)"]
[Site "?"]
[Date "1992.??.??"]
[Round "?"]
[White "Skidmore, Mike"]
[Black "Bemben, R."]
[Result "1-0"]
[WhiteElo "1900"]
[BlackElo "1865"]
[PlyCount "71"]
[EventDate "1992.??.??"]

{4/(1)} 1. e4 c6 2. d4 d5 3. Nd2 dxe4 4. Nxe4 Nf6 5. Nxf6+ gxf6 6. Be3 Bf5 7.
Bd3 h5 8. Bxf5 Qa5+ 9. Qd2 Qxf5 10. O-O-O e6 11. Ne2 Qd5 12. Kb1 Na6 13. Nf4
Qb5 14. Qe2 Qxe2 15. Nxe2 O-O-O 16. Ng3 Be7 17. a3 Nc7 18. c4 Kb8 19. Bf4 f5
20. Rhe1 h4 21. Nxf5 Bf6 22. Nd6 Rd7 23. Be5 Bxe5 24. dxe5 c5 25. Kc2 a6 26.
Ne4 Rd4 27. Rxd4 cxd4 28. f4 Rg8 29. g3 hxg3 30. hxg3 b5 31. b3 bxc4 32. bxc4
Ka7 33. Rb1 Na8 34. Kd3 Rd8 35. Nd6 Rd7 36. Nc8# 1-0

[Event "East Lansing (MI Am/4)"]
[Site "?"]
[Date "1992.??.??"]
[Round "?"]
[White "Skidmore, Mike"]
[Black "Arganian, David H"]
[Result "1-0"]
[WhiteElo "1925"]
[BlackElo "1810"]
[PlyCount "57"]
[EventDate "1992.??.??"]

1. e4 e5 2. Nf3 Nc6 3. Bb5 Nf6 4. d3 d6 5. O-O Bd7 6. c3 Be7 7. Ng5 O-O 8. f4
h6 9. Nf3 exf4 10. Bxc6 Bxc6 11. Bxf4 Re8 12. Nbd2 Bf8 13. Nd4 Bd7 14. Qf3 Ng4
15. h3 Ne5 16. Bxe5 dxe5 17. Qxf7+ Kh8 18. N4b3 a5 19. Qd5 a4 20. Nc5 Bxh3 21.
Rxf8+ Rxf8 22. Qxd8 Rfxd8 23. gxh3 Rxd3 24. Nxd3 Rd8 25. Kf2 Rxd3 26. Nf3 Rd8
27. Ke3 Re8 28. Rd1 Re7 29. Rd5 1-0

[Event "Detroit (MI Op/7/30)"]
[Site "?"]
[Date "1992.??.??"]
[Round "?"]
[White "Skidmore, Jennifer"]
[Black "Walker, Douglas"]
[Result "0-1"]
[WhiteElo "1925"]
[BlackElo "1815"]
[PlyCount "80"]
[EventDate "1992.??.??"]

{7/(30)} 1. e4 e6 2. d4 d5 3. exd5 exd5 4. Bd3 Nf6 5. Bg5 Be7 6. Nd2 Bg4 7. Ne2
Nbd7 8. O-O O-O 9. c3 c5 10. f3 Be6 11. Nf4 Qb6 12. Nxe6 fxe6 13. Qe2 Rae8 14.
c4 cxd4 15. Kh1 Nc5 16. Rab1 Nxd3 17. Qxd3 Rc8 18. b3 Bb4 19. cxd5 Rc3 20. Qe2
exd5 21. Qe5 Re3 22. Bxe3 dxe3 23. Nc4 dxc4 24. bxc4 Re8 25. Qa1 Qa5 26. a3 Bc3
27. Qa2 e2 28. c5+ Kh8 29. Rg1 e1=Q 30. Rgxe1 Rxe1+ 31. Rxe1 Bxe1 32. Qe2 Qd2
33. Qe7 Qd1 34. Qf8+ Ng8 35. g3 Bxg3+ 36. Kg2 Be5 37. Qf7 Qe2+ 38. Kg1 Qxh2+
39. Kf1 Bg3 40. Qxb7 Qf2# 0-1

[Event "East Lansing (MI Am/5)"]
[Site "?"]
[Date "1992.??.??"]
[Round "?"]
[White "Skidmore, Jennifer"]
[Black "Triplett, Thomas"]
[Result "0-1"]
[WhiteElo "1920"]
[BlackElo "1920"]
[PlyCount "158"]
[EventDate "1992.??.??"]

1. e4 e5 2. Nf3 Nc6 3. c3 Nf6 4. d3 Be7 5. Be2 O-O 6. O-O d6 7. Nbd2 Re8 8. Re1
Bf8 9. Nf1 g6 10. Ng3 Bg7 11. Bg5 Bg4 12. d4 Bxf3 13. Bxf3 h6 14. Be3 d5 15.
exd5 Nxd5 16. Qb3 Nxe3 17. fxe3 Rb8 18. Bd5 Qe7 19. Rf1 Nd8 20. Be4 Kh8 21.
Rae1 c6 22. Re2 Rf8 23. Ref2 Ne6 24. Bb1 Rbd8 25. Kh1 exd4 26. exd4 Rd5 27. Bd3
b5 28. Be4 Rd6 29. Re2 Kg8 30. Bf3 f5 31. Rfe1 Re8 32. Qc2 Qf7 33. Qb3 Kh7 34.
d5 Nc5 35. Qa3 Rxe2 36. Nxe2 Rxd5 37. Bxd5 Qxd5 38. Nd4 Ne4 39. Qxa7 c5 40. Nf3
h5 41. Qe7 Kh6 42. Qc7 Qxa2 43. Qf4+ Kh7 44. Nh4 Qxb2 45. Nxf5 Nf2+ 46. Kg1 Nd3
47. Qg3 Nxe1 48. Nh4 Qb1 49. Kf2 Qe4 50. Kf1 Nd3 51. Nf3 Bf6 52. Qc7+ Qe7 53.
Qg3 c4 54. Qb8 Qe3 55. Qg3 Nf4 56. h4 Qe2+ 57. Kg1 Qxg2+ 58. Qxg2 Nxg2 59. Kxg2
Bxc3 60. Kf2 Kg7 61. Ke2 Kf6 62. Kd1 Kf5 63. Kc2 Bf6 64. Nd2 Bxh4 65. Nb1 b4
66. Nd2 b3+ 67. Kb2 Bf6+ 68. Ka3 b2 69. Ka2 c3 70. Nc4 Bd4 71. Kb1 h4 72. Nd6+
Kf4 73. Nb5 Be5 74. Na3 h3 75. Nc2 h2 76. Nb4 h1=Q+ 77. Ka2 b1=Q+ 78. Ka3 Qa8+
79. Na6 Qxa6# 0-1

[Event "Detroit (MI Action/6)"]
[Site "?"]
[Date "1992.??.??"]
[Round "?"]
[White "Skidmore, Jennifer"]
[Black "Stinson, Darlene"]
[Result "1-0"]
[WhiteElo "1900"]
[BlackElo "1605"]
[PlyCount "79"]
[EventDate "1992.??.??"]

1. e4 e5 2. Nf3 Nf6 3. Nc3 Nc6 4. Bc4 Bc5 5. O-O O-O 6. d3 h6 7. Ne2 d6 8. Ng3
Bg4 9. h3 Be6 10. Bxe6 fxe6 11. c3 d5 12. Qe2 Qe7 13. b3 Rad8 14. Bb2 Bd6 15.
Rad1 Qe8 16. Nh2 Ne7 17. d4 Ng6 18. exd5 exd4 19. dxe6 dxc3 20. Bxc3 Nf4 21.
Qc2 Qxe6 22. Rfe1 Qf7 23. Nf3 Rde8 24. Bd4 a6 25. Be3 N4d5 26. Nf5 Bb4 27. Re2
Kh8 28. N5h4 Ne7 29. Ne5 Qh5 30. Nhg6+ Nxg6 31. Nxg6+ Kg8 32. Nxf8 Rxf8 33.
Qc4+ Kh8 34. Qxb4 Qxe2 35. Qxf8+ Kh7 36. Qd8 Qxa2 37. Qd3+ Kg8 38. Qg6 Qxb3 39.
Rd8+ Ne8 40. Rxe8# 1-0

[Event "Flint (Class A/2)"]
[Site "?"]
[Date "1992.??.??"]
[Round "?"]
[White "Skidmore, Jennifer"]
[Black "Steverson, Bunnard"]
[Result "0-1"]
[WhiteElo "1980"]
[BlackElo "1835"]
[PlyCount "94"]
[EventDate "1992.??.??"]

1. e4 c5 2. Nc3 d6 3. f4 Nc6 4. Bb5 Bd7 5. Nf3 a6 6. Bxc6 Bxc6 7. O-O e6 8. d3
Ne7 9. Qe1 g6 10. Kh1 Bg7 11. Ne2 O-O 12. Ng5 d5 13. Ng3 h6 14. Nf3 b5 15. c3
dxe4 16. dxe4 Qc7 17. Be3 Bb7 18. Qf2 Rac8 19. Rad1 f5 20. exf5 exf5 21. Kg1
Nd5 22. Bc1 Nf6 23. h3 c4 24. Nh4 Kh7 25. Be3 Ne4 26. Nxe4 Bxe4 27. Nf3 Rfe8
28. Nd4 Re7 29. Rfe1 Rce8 30. Rc1 Qb7 31. Kh2 Bxg2 32. Nc2 Be4 33. Nd4 Bd3 34.
Qg3 Re4 35. Rcd1 Qe7 36. Bf2 Qd6 37. Be3 Bxd4 38. cxd4 g5 39. Qf3 gxf4 40. Bd2
Re2+ 41. Kg1 Qxd4+ 42. Kh1 Be4 43. Rxe2 Bxf3+ 44. Rg2 Bxg2+ 45. Kxg2 Re2+ 46.
Kh1 Qf2 47. Bxf4 Qg2# 0-1

[Event "Ann Arbor (HVA/3/5)"]
[Site "?"]
[Date "1992.??.??"]
[Round "?"]
[White "Skidmore, Jennifer"]
[Black "Smith, Ed"]
[Result "1-0"]
[WhiteElo "1925"]
[BlackElo "1925"]
[PlyCount "95"]
[EventDate "1992.??.??"]

{3/(5)} 1. e4 e5 2. Nf3 Nf6 3. Nc3 Nc6 4. Bb5 Bb4 5. O-O Bxc3 6. bxc3 d6 7. Re1
O-O 8. d4 exd4 9. cxd4 Ne7 10. Ba3 c6 11. Bd3 Re8 12. Ng5 Ng6 13. Qd2 h6 14.
Nf3 Bg4 15. Re3 Qc7 16. Rae1 Nh5 17. h3 Bxf3 18. Rxf3 Nh4 19. Rfe3 Nf4 20. Bf1
Ne6 21. Rg3 Ng5 22. Qf4 Ng6 23. Qg4 d5 24. e5 Ne4 25. Rge3 Qc8 26. Qh5 Nf4 27.
Qf3 Ne6 28. c3 Nd2 29. Qg3 Nxf1 30. Kxf1 Ng5 31. Bc1 Qf5 32. f3 Kh7 33. h4 Ne6
34. Qh2 Qc2 35. f4 g6 36. Rf3 Ng7 37. h5 Nxh5 38. f5 Rg8 39. f6 Rae8 40. Qh3
Qxa2 41. g4 Qc4+ 42. Kf2 c5 43. gxh5 g5 44. Qf5+ Kh8 45. e6 fxe6 46. f7 exf5
47. Rxe8 Kg7 48. fxg8=Q+ 1-0

[Event "Ann Arbor (HVA/4/2)"]
[Site "?"]
[Date "1992.??.??"]
[Round "?"]
[White "Skidmore, Jennifer"]
[Black "Roe, G."]
[Result "1/2-1/2"]
[WhiteElo "1925"]
[BlackElo "1700"]
[PlyCount "117"]
[EventDate "1992.??.??"]

{4/(2)} 1. e4 c5 2. Nc3 Nc6 3. f4 e6 4. Nf3 d5 5. Bb5 Be7 6. O-O a6 7. Bxc6+
bxc6 8. d3 Nf6 9. Qe1 Qb6 10. Kh1 O-O 11. b3 Nd7 12. Bb2 Qc7 13. exd5 cxd5 14.
Nxd5 Qd6 15. Qg3 f6 16. Nxe7+ Qxe7 17. Rae1 Qd6 18. Nd2 Bb7 19. Qg4 Rae8 20.
Nc4 Qd5 21. Re2 Re7 22. Rfe1 Rfe8 23. Qg3 Kf7 24. f5 e5 25. Re4 Qc6 26. Qh3 h6
27. Qh5+ Kg8 28. Ne3 Nb6 29. c4 Qd7 30. Rg4 Qxd3 31. Rg3 Qd2 32. Rb1 Rd8 33.
Qg4 Red7 34. h3 Qd6 35. Qg6 Qf8 36. Ng4 Kh8 37. Ba3 Rc8 38. Rf1 Qf7 39. Nxe5
fxe5 40. Qxb6 Rc6 41. Qa5 Rcd6 42. Qxc5 Rd1 43. Rxd1 Rxd1+ 44. Kh2 Qxf5 45. Qe7
Rd7 46. Qf8+ Qxf8 47. Bxf8 Kg8 48. Bb4 Kf7 49. Re3 Ke6 50. Bc3 e4 51. b4 Rd3
52. Rxd3 exd3 53. g4 g6 54. Kg3 h5 55. Kf4 Bg2 56. gxh5 gxh5 57. h4 Bf1 58. a4
Kd6 59. Ke4 1/2-1/2

[Event "East Lansing (MI Am/3)"]
[Site "?"]
[Date "1992.??.??"]
[Round "?"]
[White "Skidmore, Jennifer"]
[Black "McCarter, Robert"]
[Result "1-0"]
[WhiteElo "1920"]
[BlackElo "1720"]
[PlyCount "65"]
[EventDate "1992.??.??"]

1. e4 c5 2. Nc3 g6 3. f4 e6 4. Nf3 Bg7 5. d4 cxd4 6. Nxd4 Ne7 7. Be3 Nbc6 8.
Qd2 a6 9. O-O-O d5 10. e5 O-O 11. g4 Nxd4 12. Bxd4 Nc6 13. Bc5 Re8 14. h4 f6
15. exf6 Bxf6 16. h5 g5 17. fxg5 Bxg5 18. Be3 Bxe3 19. Qxe3 d4 20. Qh6 Qe7 21.
Ne4 Rf8 22. Bc4 b5 23. Be2 Bb7 24. g5 e5 25. Bd3 Nb4 26. Nf6+ Rxf6 27. gxf6
Nxd3+ 28. Rxd3 Qc7 29. Rg1+ Kh8 30. Rg7 Qxc2+ 31. Kxc2 Be4 32. Rf7 Rg8 33. Rf8
1-0